000 00626nam a2200193 a 4500
005 20210219152951.0
008 991125n 000 0 spa u
035 _aUPN01000069559
100 _aSAN SEGUNDO, María Jesús
222 _aREVISTA ESPAÑOLA DE PEDAGOGIA
245 _aControlar las costas e incentivar la eficiencia : la necesidad de evaluación objetiva de la enseñanza obligatoria
300 _a87-99
362 _a1988 Año 46, no. 179, ene,.abr.
653 0 _aANALISIS COSTO-EFICIENCIA
653 0 _aCOSTOS EDUCATIVOS
653 0 _aEFICIENCIA ECONOMICA
904 _aAC
_b007370
905 _aArticulo
999 _c65018
_d65018